01458nam a22001937a 450000500170000000800410001702000180005804000180007608200180009410000230011224500670013525000130020226000340021530000250024950008880027465000370116265000370119965000280123620250409145243.0250409b |||||||| |||| 00| 0 eng d a9789332518322 cAIMIT LIBRARY 210a339bFROR aFroyen, Richard T. aMacroeconomics : btheory and policies /cBy Richard T Froyen. a10th ed. aNew Delhi :bPearson ,c2024. a385p. ;bPBc25.7 cm aMacroeconomics: Theories and Policies – Tenth Edition, compiled by Richard T. Froyen and published by Pearson, traces the history, progress and challenges of Keynesian economics, presenting a complete, exhaustive and impartial view of modern macroeconomic theory. It contains a large numbers of charts, illustrations, and reference tables to represent theoretical concepts visually, wherever appropriate. About Pearson Education Pearson Education has been publishing books of all genres, including science, technology, law, business, humanities and others, and has been educating more than a hundred million people across the world. Some of the books published by Pearson are: Decision Support and Business Intelligence systems, Electromagnetic Field Theory, Computer Architecture and Organization, Managing Business Process Flows, and A Critical Companion to Compulsory English. aThe monetarist counterrevolution aMacroeconomic models : a summary aOptimal monetary policy